• AIU
  • Tony Wilmot Memorial Library

Dilemma : a nurse's guide for making ethical decisions / (Record no. 39071)

MARC details
000 -LEADER
fixed length control field 00962nam a22003011a 4500
001 - CONTROL NUMBER
control field 408906
005 - DATE AND TIME OF LATEST TRANSACTION
control field 20110718132907.0
008 - FIXED-LENGTH DATA ELEMENTS--GENERAL INFORMATION
fixed length control field 800828s1980 ilu b 000 0 eng
010 ## - LIBRARY OF CONGRESS CONTROL NUMBER
LC control number 80007788
020 ## - INTERNATIONAL STANDARD BOOK NUMBER
International Standard Book Number 0877846669
Terms of availability
-- .95
035 ## - SYSTEM CONTROL NUMBER
-- (DLC) 80007788
040 ## - CATALOGING SOURCE
Original cataloging agency DLC
Transcribing agency DLC
Modifying agency DLC
050 00 - LIBRARY OF CONGRESS CALL NUMBER
Classification number RT85
Item number .S47
060 ## - NATIONAL LIBRARY OF MEDICINE CALL NUMBER
Classification number WY85 S545d
082 00 - DEWEY DECIMAL CLASSIFICATION NUMBER
Classification number RT 85.S47 1980
Edition number 19
100 1# - MAIN ENTRY--PERSONAL NAME
Personal name Shelly, Judith Allen.
245 10 - TITLE STATEMENT
Title Dilemma : a nurse's guide for making ethical decisions /
Statement of responsibility, etc Judith Allen Shelly.
Medium [Text]
260 ## - PUBLICATION, DISTRIBUTION, ETC. (IMPRINT)
Place of publication, distribution, etc Downers Grove, Ill.
Name of publisher, distributor, etc InterVarsity Press
Date of publication, distribution, etc c1980
300 ## - PHYSICAL DESCRIPTION
Extent 165 p. ; 21 cm.
504 ## - BIBLIOGRAPHY, ETC. NOTE
Bibliography, etc Bibliography: p. [161]-165.
650 #0 - SUBJECT ADDED ENTRY--TOPICAL TERM
Topical term or geographic name as entry element Nursing ethics.
650 #0 - SUBJECT ADDED ENTRY--TOPICAL TERM
Topical term or geographic name as entry element Christian ethics.
650 #0 - SUBJECT ADDED ENTRY--TOPICAL TERM
Topical term or geographic name as entry element Medicine
General subdivision Religious aspects
-- Christianity.
650 #2 - SUBJECT ADDED ENTRY--TOPICAL TERM
Topical term or geographic name as entry element Decision making.
650 #2 - SUBJECT ADDED ENTRY--TOPICAL TERM
Topical term or geographic name as entry element Ethics, Nursing.
906 ## - LOCAL DATA ELEMENT F, LDF (RLIN)
a 7
b cbc
c orignew
d 1
e ocip
f 19
g y-gencatlg
991 ## -
-- c-GenColl
-- RT85
-- .S47
-- 00026790268
-- Copy 1
-- BOOKS
Holdings
Withdrawn status Lost status Source of classification or shelving scheme Damaged status Not for loan Collection code Home library Current library Shelving location Date acquired Cost, normal purchase price Total Checkouts Full call number Barcode Date last seen Copy number Price effective from Koha item type
    Library of Congress Classification     General Circulation AIU/NEGST - Tony Wilmot Memorial Library AIU/NEGST - Tony Wilmot Memorial Library General Stacks 12/07/2009 14.95   RT 85.S47 1980 R15299N3232 09/26/2019 1 12/07/2009 Books